Adoption and diffusion of drip irrigation technolgy: an econometric analysis (Record no. 23758)

000 -LEADER
fixed length control field 00422pab a2200133 454500
008 - FIXED-LENGTH DATA ELEMENTS--GENERAL INFORMATION
fixed length control field 180718b xxu||||| |||| 00| 0 eng d
100 ## - MAIN ENTRY--PERSONAL NAME
Personal name Shrestha, Rajendra B
245 ## - TITLE STATEMENT
Title Adoption and diffusion of drip irrigation technolgy: an econometric analysis
650 ## - SUBJECT ADDED ENTRY--TOPICAL TERM
Topical term or geographic name entry element Drip Irrigation Technolgy
650 ## - SUBJECT ADDED ENTRY--TOPICAL TERM
Topical term or geographic name entry element Irrigation
700 ## - ADDED ENTRY--PERSONAL NAME
Personal name Gopalakrishnan, Chennat
773 ## - HOST ITEM ENTRY
Main entry heading Economic development and Cultural change
909 ## -
-- 23758
Holdings
Withdrawn status Lost status Damaged status Not for loan Permanent Location Current Location Date acquired Serial Enumeration / chronology Barcode Date last seen Price effective from Koha item type
        Indian Institute of Public Administration Indian Institute of Public Administration 2018-07-19 Issue no: 41(2) Jan.93, p.407-18 AR23827 2018-07-19 2018-07-19 Articles

Powered by Koha